[Event "Havana Province zt"]
[Site "Havana"]
[Date "2010.02.24"]
[Round "5"]
[White "Pelaez Herrera, Ariel"]
[Black "Perera Alfonso, Rene Humberto"]
[Result "1-0"]
[WhiteElo "2020"]
[BlackElo "2054"]
[PlyCount "57"]
[EventDate "2010.02.20"]
[EventType "swiss"]
[EventRounds "9"]
[EventCountry "CUB"]
[SourceTitle "EXT 2011"]
[Source "ChessBase"]
[SourceDate "2010.11.26"]
[SourceVersion "1"]
[SourceVersionDate "2010.11.26"]
[SourceQuality "1"]

1. d4 e5 2. dxe5 Nc6 3. Bf4 Qe7 4. Nc3 Qb4 5. Qc1 Bc5 6. a3 Qb6 7. e3 Nge7 8. Nf3 0-0 9. Bd3 a5 10. 0-0 a4 11. Bb5 d6 12. exd6 cxd6 13. Bxa4 Ng6 14. Bg3 Qd8 15. b4 Ba7 16. Rd1 Bb8 17. Bxc6 bxc6 18. Ne4 d5 19. Bxb8 Rxb8 20. h3 f5 21. Nc5 Qe7 22. c4 f4 23. cxd5 Nh4 24. Nxh4 Qxh4 25. exf4 Bxh3 26. gxh3 Rxf4 27. Qe3 Rbf8 28. Qg3 Qh5 29. Ne6 1-0

[Event "Havana Province zt"]
[Site "Havana"]
[Date "2010.02.23"]
[Round "4"]
[White "Perez Torres, Youset"]
[Black "Pelaez Herrera, Ariel"]
[Result "1-0"]
[WhiteElo "2053"]
[BlackElo "2020"]
[PlyCount "97"]
[EventDate "2010.02.20"]
[EventType "swiss"]
[EventRounds "9"]
[EventCountry "CUB"]
[SourceTitle "EXT 2011"]
[Source "ChessBase"]
[SourceDate "2010.11.26"]
[SourceVersion "1"]
[SourceVersionDate "2010.11.26"]
[SourceQuality "1"]

1. e4 e5 2. Nf3 Nc6 3. Bb5 Nf6 4. 0-0 Nxe4 5. Qe2 Nd6 6. Bxc6 dxc6 7. Nxe5 Be7 8. Re1 Be6 9. d4 Nf5 10. c3 0-0 11. Bf4 c5 12. dxc5 Bxc5 13. Nf3 Re8 14. Nbd2 Bb6 15. Nc4 Bxc4 16. Qxc4 Nd6 17. Qa4 Qf6 18. Bxd6 Rxe1+ 19. Rxe1 Qxd6 20. Re8+ Rxe8 21. Qxe8+ Qf8 22. Qxf8+ Kxf8 23. Kf1 Ke7 24. Ke2 f6 25. Nd2 Ke6 26. Nc4 Bc5 27. b4 Kd5 28. Na5 b6 29. c4+ Ke6 30. Nc6 Kd7 31. b5 a5 32. g4 g6 33. f3 Ke6 34. Kd3 Kd6 35. Ke4 Ke6 36. h3 Kd6 37. f4 Ke6 38. Nd8+ Kd7 39. Nb7 Be7 40. Kd5 Kc8 41. Kc6 Ba3 42. f5 gxf5 43. gxf5 Be7 44. c5 bxc5 45. Nxc5 Bd6 46. Ne6 Be5 47. a4 Bc3 48. Nxc7 Be5 49. Nd5 1-0

[Event "Havana Province zt"]
[Site "Havana"]
[Date "2010.02.20"]
[Round "1"]
[White "Romero Nunez, Wendy"]
[Black "Pelaez Herrera, Ariel"]
[Result "1-0"]
[WhiteElo "2098"]
[BlackElo "2020"]
[PlyCount "94"]
[EventDate "2010.02.20"]
[EventType "swiss"]
[EventRounds "9"]
[EventCountry "CUB"]
[SourceTitle "EXT 2011"]
[Source "ChessBase"]
[SourceDate "2010.11.26"]
[SourceVersion "1"]
[SourceVersionDate "2010.11.26"]
[SourceQuality "1"]

1. d4 Nf6 2. c4 c5 3. d5 e6 4. Nc3 exd5 5. cxd5 d6 6. e4 g6 7. f4 Bg7 8. Nf3 0-0 9. Bc4 Re8 10. Qc2 Bf5 11. 0-0 Bxe4 12. Nxe4 Nxe4 13. Bd3 Nf6 14. Qb3 Qc7 15. Bd2 Nbd7 16. Rfe1 a6 17. a4 Qb6 18. Qc4 Rxe1+ 19. Rxe1 Re8 20. Rxe8+ Nxe8 21. b3 Ndf6 22. Ng5 h6 23. Ne4 Nxe4 24. Bxe4 Bd4+ 25. Kf1 Nf6 26. Bf3 Qc7 27. Qe2 Kf8 28. f5 g5 29. h4 Nh7 30. hxg5 Nxg5 31. Bg4 Qe7 32. a5 Qxe2+ 33. Kxe2 Ke7 34. Kd3 Kd7 35. Bh5 f6 36. Bf4 Bf2 37. Ke2 Bd4 38. Kd3 Kc7 39. Be2 Be5 40. Bd2 b5 41. Bxg5 fxg5 42. g4 Bf6 43. Kd2 Kd7 44. Bd3 Ke7 45. Bxb5 Kf7 46. Bxa6 Bd8 47. Kd3 Bxa5 1-0